| 000 | 01452cam a2200373 i 4500 | ||
|---|---|---|---|
| 001 | 65280 | ||
| 003 | Mx-PuUPA | ||
| 005 | 20240410104235.0 | ||
| 008 | 981103s2016 mx a gr 000 0 spa d | ||
| 020 | _a9786077472247 | ||
| 040 |
_aMx-PuUPA _dMx-PuUPA _cMx-PuUPA _bspa _erda |
||
| 041 | 0 | _aspa | |
| 100 | 1 |
_aRobinett, Judy, _911399 _eautor |
|
| 240 | 1 | 0 |
_aHow to be a power connector : the 5+50+100 rule for turning your business network into profits. _lEspañol |
| 245 | 1 | 0 |
_aNetworking estratégico : _bla regla del 5+50+100 para convertir su sed de contactos en ganancias / _cJudy Robinett ; traducción, Beatriz Vejarano |
| 250 | _aPrimera edición | ||
| 264 | 1 |
_aCiudad de México : _bPaidós, _c2016 |
|
| 300 |
_a328 páginas : _bilustraciones ; _c23 cm |
||
| 336 |
_2rdacontent _atexto _btxt |
||
| 337 |
_2rdamedia _asin medio _bn |
||
| 338 |
_2rdacarrier _avolumen _bnc |
||
| 490 | 1 | _aPaidós empresa | |
| 500 | _aPublicada en diferentes reimpresiones. | ||
| 650 | 4 | _aRedes empresariales | |
| 650 | 4 | _aAlianzas estratégicas (Negocios) | |
| 650 | 4 | _aMedios de comunicación social | |
| 650 | 4 | _aRedes sociales | |
| 700 | 1 |
_aVejarano, Beatriz, _etraductor |
|
| 765 | 0 | 8 |
_aRobinett, Judy, _tHow to be a power connector : the 5+50+100 rule for turning your business network into profits. |
| 830 | 0 |
_911624 _aPaidós empresa |
|
| 942 |
_2ddc _cLI _h650.13 _iR628 |
||
| 999 |
_c65280 _d65280 |
||